000 00410pam a2200145a 44500
008 230405s2002 xxu||||| |||| 00| 0 eng d
041 _aENG
100 _aRose Noel R
245 _aManul of clinical Laboratory Immunology
260 _a
_bASM Press American Societey for Microbiology 175 2N street N.W Wishington
_c2002
300 _a1322
700 _aDetrick Barbara
700 _aRohertG
906 _a2387
999 _c291265
_d291265